000 00562nam a2200193Ia 4500
008 131103s9999 xx 000 0 und d
020 _cRs.7
040 _aLoreto College
041 _aEnglish
082 _a891.431/MAH
_bLCLIB/32005
245 _aBharatiya bhasayo mein Ram - Kavya
_cEdited by S.Mahalingam
260 _aMadras
_bTulsi Sahitya Samiti
_c1976
300 _a100 p.
_c 21 cm.
650 _aHindi Poetry - Criticism and interpretation
651 _aPoetry - Hindi
700 _aMahalingam,S.,ed.
850 _aLCLIB/891.431/MAH
942 _cBK
999 _c18021
_d68500